Development and its human cost: Land acquisition,displacement and rehabilitation of tribals. (Record no. 14837)
[ view plain ]
| 000 -LEADER | |
|---|---|
| fixed length control field | 00517nam a2200169Ia 4500 |
| 008 - FIXED-LENGTH DATA ELEMENTS--GENERAL INFORMATION | |
| fixed length control field | 230917s9999||||xx |||||||||||||| ||und|| |
| 020 ## - ISBN | |
| Price | RS695 |
| 040 ## - CATALOGING SOURCE | |
| -- | 225273 |
| Original cataloging agency | VIVEKANANDA LIBRARY |
| 041 ## - Language | |
| -- | English |
| 082 ## - DDC NUMBER | |
| Classification number | 301.446 D 543 D |
| 100 ## - MAIN ENTRY--PERSONAL NAME | |
| Personal name | Dias, Anthony |
| 245 #0 - TITLE STATEMENT | |
| Title | Development and its human cost: Land acquisition,displacement and rehabilitation of tribals. |
| 260 ## - PUBLICATION, DISTRIBUTION, ETC. (IMPRINT) | |
| Place of publication, distribution, etc | Jaipur |
| Name of publisher, distributor, etc | Rawat Publications |
| Date of publication, distribution, etc | 2012 |
| 300 ## - PHYSICAL DESCRIPTION | |
| Pages | XX,233 p. |
| 500 ## - GENERAL NOTE | |
| General note | 1986 21/02/2015 HBD6294 23/02/2015 Sociology UGC SAP |
| 942 ## - ADDED ENTRY ELEMENTS (KOHA) | |
| Koha item type | Books |
| Withdrawn status | Lost status | Damaged status | Not for loan | Location (home branch) | Sublocation or collection (holding branch) | Date acquired | Koha issues (times borrowed) | Koha full call number | Accession No. | Koha date last seen | Koha item type |
|---|---|---|---|---|---|---|---|---|---|---|---|
| VIVEKANANDA LIBRARY | VIVEKANANDA LIBRARY | 03/07/2015 | 301.446 D 543 D | 347841 | 17/09/2023 | Books |
